000
00270nam a2200121Ia 4500
008
230524s9999 xx 000 0 und d
020
_a
9788183335416
245
0
_a
Python Training Guide
250
_a
1
260
_b
BPB
500
_a
Quantity Number: 1
942
_c
BK
999
_c
59570
_d
59570